=LDR 00000nam 2200000 4500 =001 INLIS000000000037044 =005 20130612142807 =008 ***********************************Ind** =035 ##$$0010-061300000037044 =041 ##$$a Ind =082 ##$$a 372.3 =090 ##$$a 372.3, lep b =100 ##$$a Lepora, Nathan =245 ##$$a Belajar dari wahana bermain, jatuh untuk kesenangan, oleh Nathan Lepora ; alih bahasa, Joe lesmana =260 ##$$a 2010 $b Jakarta =300 ##$$a 31 hlm, ilus, 28 cm =650 ##$$a Pendidikan dasar-sains =850 ##$$a NBPNMAT